Practical conversation in malay : a concise guide for travellers

Bibliographic Details
Main Author: Ibrahim Ismail
Format: Book
Published: Kuala Lumpur : Golden Book Centre , 1995
Subjects:

MARC

LEADER 00000cam a2200000 7i4500
001 0000020379
005 20071011.0
020 |a 9837201436 
040 |a INS 
090 0 0 |a PL5077   |b I27 1995 
100 1 |a Ibrahim Ismail 
245 1 1 |a Practical conversation in malay :   |b a concise guide for travellers   |c Ibrahim Ismail 
260 |a Kuala Lumpur :   |b Golden Book Centre ,   |c 1995 
300 |a xiv,139p ;   |c 18cm. 
650 0 0 |a Malay language   |x Conversation and phase books 
650 0 0 |a Malay language   |x Spoken malay 
999 |a 0000019204   |b BOOK   |c Open Shelf   |e Default branch